| 000 | 00480nam a2200145Ia 4500 | ||
|---|---|---|---|
| 008 | 260210s9999 xx 000 0 und d | ||
| 024 | _a20B-098-SE, 20B-041-SE & 20B-014-SE, | ||
| 082 | _a006.3072 ALI | ||
| 100 | _aDua Ali, Mirza Shoaib Baig & Muhammad Humza | ||
| 110 | _aEngr. Rabbia Zuberi | ||
| 245 | 0 | _aAnxiety Detection System AI Psychologist | |
| 260 |
_aKarachi: _bUITU, _c2020 |
||
| 600 | _aBachelor of Software Engineering (SE) | ||
| 650 | _aSoftware Engineering | ||
| 999 |
_c33513 _d33513 |
||